Just stop and think! (Record no. 480400)

MARC details
000 -LEADER
fixed length control field 01485cam a2200373 a 4500
001 - CONTROL NUMBER
control field EDZ0000072227
003 - CONTROL NUMBER IDENTIFIER
control field StDuBDS
005 - DATE AND TIME OF LATEST TRANSACTION
control field 20161031105141.0
006 - FIXED-LENGTH DATA ELEMENTS--ADDITIONAL MATERIAL CHARACTERISTICS--GENERAL INFORMATION
fixed length control field m||||||||d||||||||
007 - PHYSICAL DESCRIPTION FIXED FIELD--GENERAL INFORMATION
fixed length control field cr |||||||||||
008 - FIXED-LENGTH DATA ELEMENTS--GENERAL INFORMATION
fixed length control field 120412s2007 enka fo| 000|0|eng d
020 ## - INTERNATIONAL STANDARD BOOK NUMBER
International Standard Book Number 9781446214138 (ebook) :
Terms of availability No price
040 ## - CATALOGING SOURCE
Original cataloging agency StDuBDS
Language of cataloging eng
Transcribing agency StDuBDS
Description conventions pn
049 ## - LOCAL HOLDINGS (OCLC)
Holding library Alfaisal Main Library
050 #4 - LIBRARY OF CONGRESS CALL NUMBER
Classification number LB1060.2
082 04 - DEWEY DECIMAL CLASSIFICATION NUMBER
Classification number 371.393
Edition number 23
100 1# - MAIN ENTRY--PERSONAL NAME
Personal name Wallace, Fiona.
245 10 - TITLE STATEMENT
Title Just stop and think!
Medium [electronic resource] :
Remainder of title helping children plan to improve their own behaviour /
Statement of responsibility, etc Fiona Wallace.
250 ## - EDITION STATEMENT
Edition statement 2nd ed.
260 ## - PUBLICATION, DISTRIBUTION, ETC. (IMPRINT)
Place of publication, distribution, etc London :
Name of publisher, distributor, etc Paul Chapman,
Date of publication, distribution, etc 2007.
300 ## - PHYSICAL DESCRIPTION
Extent 1 online resource (104 p.) :
Other physical details ill.
500 ## - GENERAL NOTE
General note "A Lucky Duck book".
500 ## - GENERAL NOTE
General note Previous ed.: Bristol: Lucky Duck, 2001.
520 8# - SUMMARY, ETC.
Summary, etc For this new edition, the author has revised and expanded the whole book, and added 16 new worksheets. It is ideal for anyone working with pupils experiencing difficulty in school and can be used in group or individual work settings.
521 ## - TARGET AUDIENCE NOTE
Target audience note Specialized.
588 ## -
-- Description based on print version record.
650 #0 - SUBJECT ADDED ENTRY--TOPICAL TERM
Topical term or geographic name as entry element Behavior modification.
650 #0 - SUBJECT ADDED ENTRY--TOPICAL TERM
Topical term or geographic name as entry element Social skills
General subdivision Study and teaching.
655 #7 - INDEX TERM--GENRE/FORM
Genre/form data or focus term Electronic books.
Source of term local
710 2# - ADDED ENTRY--CORPORATE NAME
Corporate name or jurisdiction name as entry element Sage eBooks
776 08 - ADDITIONAL PHYSICAL FORM ENTRY
Display text Print version :
International Standard Book Number 9781412928984
856 40 - ELECTRONIC LOCATION AND ACCESS
Uniform Resource Identifier <a href="http://ezproxy.alfaisal.edu/login?url=http://sk.sagepub.com/books/just-stop-and-think-2e">http://ezproxy.alfaisal.edu/login?url=http://sk.sagepub.com/books/just-stop-and-think-2e</a>
942 ## - ADDED ENTRY ELEMENTS (KOHA)
Source of classification or shelving scheme Library of Congress Classification
Koha item type eBooks

No items available.

Copyright © 2020 Alfaisal University Library. All Rights Reserved.
Tel: +966 11 2158948 Fax: +966 11 2157910 Email:
librarian@alfaisal.edu